Sonic characters quiz (Difficult) - Statistics

General Stats
  • This quiz has been taken 690 times
    678 since last reset
  • The average score is 43 of 84
Answer Stats
Characters % Correct
Knuckles the Echidna
99%
Miles 'Tails' Prower
99%
Sonic the Hedgehog
99%
Dr. Eggman
98%
Shadow the Hedgehog
98%
Amy Rose
97%
Silver the Hedgehog
92%
Metal Sonic
91%
Rouge the Bat
90%
Blaze the Cat
89%
Cream the Rabbit
89%
Vector the Crocodile
87%
Espio the Chameleon
85%
Big the Cat
84%
Charmy the Bee
84%
E-123 Omega
83%
Chaos
77%
Maria Robotnik
72%
Cheese (Cream's Chao)
71%
Jet the Hawk
71%
Mighty the Armadillo
68%
Tikal the Echidna
67%
Wave the Swallow
66%
Ray the Flying Squirrel
65%
Sally Acorn
65%
Storm the Albatross
65%
E-102 Gamma
64%
Froggy
62%
Mephiles the Dark
59%
Sticks the Badger
59%
Vanilla the Rabbit
59%
Fang the Sniper
58%
Gerald Robotnik
58%
Zavok
58%
Bean the Dynamite
57%
Chris Thorndyke
55%
Bark the Polar bear
53%
Dr. Eggman Nega
53%
Light Gaia (Chip)
53%
Orbot
53%
Princess Elise
53%
Cubot
52%
Zazz
52%
Dark Gaia
50%
Sonia the Hedgehog
49%
Marine the Raccoon
48%
Manic the Hedgehog
47%
Bunnie Rabbot
46%
Black Doom
45%
Zeena
43%
Master Zik
42%
Antoine D'Coolette
41%
Emerl
41%
Scourge the Hedgehog
40%
Tails Doll
39%
Metal Knuckles
37%
Zor
35%
Cosmo the Seedrian
33%
Iblis
33%
Rotor Walrus
32%
Shade the Echidna
32%
Omochao
28%
Solaris
28%
Grounder
27%
Zomon
27%
Erazor Djinn
25%
Scratch
25%
Professor Pickle
23%
Time Eater
23%
King Arthur
22%
Heavy
21%
Merlina the Wizard
21%
Queen Aleena Hedgehog
20%
Bomb
19%
Snively
19%
Julie-Su
17%
Shahra
17%
Yacker
17%
Imperator Ix
14%
Caliburn
12%
Dingo the Dingo
10%
Bounty Hunter Sleet
9%
Ifrit
9%
Sir Charles Hedgehog
8%
No matching quizzes found
Score Distribution
Percent of People with Each Score
Percentile by Number Answered
Your Score History
You have not taken this quiz since the last reset